00815nam a22002297a 4500001001000000003000500010005001700015008004100032010001000073011001000083035001100093040000900104100002700113245017500140260004100315300001900356502006900375650002300444650002500467650002700492856006600519000096108CHAP20220329143142.0060828d2006 mx r 00110 spa d a92574 a93546 a104122 cCHAP1 aPineda Rivera, Maribel10aCiclo biológico del psílido Heteropsylla cubana Crawford en guaje blanco bajo condiciones de invernadero /c/por Maribel Pineda Rivera y Karla Adriana Venegas Torres. aChapingo, Méx. :bEl autor,c2006. a48 h. :bilus. aTesis (Ing. Forestal) -- UACH. División de Ciencias Forestales14aCiclo biológico.14aHeteropsylla cubana.14aLeucaena leucocephala. 3Finding aiduhttp://10.13.5.2/tesis/104122.pdfzTeclea aquí